000 00564cam a2200169 4500500
005 20260329005624.0
041 _afre
042 _adc
100 1 0 _aDuru, Martin
_eauthor
245 0 0 _a"La Splendeur du monde" de Laurence Devillairs : pour renouer avec la beauté
260 _c2024.
500 _a11
690 _aBeauté
690 _aLaurence Devillairs
786 0 _nPhilosophie magazine | 179 | 5 | 2024-05-01 | p. 68-69 | 1951-1787
856 4 1 _uhttps://shs.cairn.info/magazine-philosophie-magazine-2024-5-page-68?lang=fr&redirect-ssocas=7080
999 _c1845050
_d1845050